[Event "Budapest FS04 IM"]
[Site "Budapest"]
[Date "2024.04.11"]
[Round "5"]
[White "Kovalev, Andrei"]
[Black "Juhasz, Barbara"]
[Result "1/2-1/2"]
[WhiteElo "2413"]
[BlackElo "2236"]
[PlyCount "60"]
[EventDate "2024.04.06"]
[EventType "tourn"]
[EventRounds "9"]
[EventCountry "HUN"]
[EventCategory "2"]
[SourceTitle "CB16_2024"]
[SourceDate "2024.04.17"]
[SourceVersion "1"]
[SourceVersionDate "2024.04.17"]
[SourceQuality "1"]

1. Nf3 Nf6 2. g3 g6 3. Bg2 Bg7 4. d4 d6 5. c4 0-0 6. Nc3 Nc6 7. d5 Na5 8. b3 c5 9. Bb2 a6 10. Nd2 Rb8 11. 0-0 b5 12. Qc1 Bh6 13. e3 Bf5 14. e4 Bd7 15. f4 bxc4 16. bxc4 e5 17. Rb1 exf4 18. gxf4 Nh5 19. Ne2 Bg4 20. Nf3 Rb4 21. h3 Bxf3 22. Bxf3 Qh4 23. Bxh5 Qxh5 24. Qc3 f6 25. Rbe1 Nxc4 26. Ba1 Nb6 27. a3 Rb5 28. Kg2 Nd7 29. Rf3 Rfb8 30. Qc2 Bf8 1/2-1/2

[Event "Budapest FS04 IM"]
[Site "Budapest"]
[Date "2024.04.10"]
[Round "4"]
[White "Juhasz, Barbara"]
[Black "Pacher, Milan"]
[Result "1/2-1/2"]
[WhiteElo "2236"]
[BlackElo "2415"]
[PlyCount "85"]
[EventDate "2024.04.06"]
[EventType "tourn"]
[EventRounds "9"]
[EventCountry "HUN"]
[EventCategory "2"]
[SourceTitle "CB16_2024"]
[SourceDate "2024.04.17"]
[SourceVersion "1"]
[SourceVersionDate "2024.04.17"]
[SourceQuality "1"]

1. e4 e5 2. Nf3 Nf6 3. Nxe5 Nxe4 4. Qe2 Qe7 5. Qxe4 d6 6. d4 dxe5 7. dxe5 Nc6 8. Bb5 Bd7 9. Nc3 0-0-0 10. Bd2 a6 11. Ba4 Nxe5 12. 0-0-0 Bxa4 13. Qxa4 Qb4 14. Bg5 Rxd1+ 15. Rxd1 Nc6 16. Qxb4 Bxb4 17. Nd5 Re8 18. c3 Bd6 19. Bf4 Bxf4+ 20. Nxf4 Ne5 21. b3 g5 22. Nd5 f5 23. f4 gxf4 24. Nxf4 Ng6 25. Nd3 f4 26. Kd2 Kd7 27. Rf1 Rf8 28. Rf2 b6 29. c4 Ke6 30. Kc3 a5 31. a3 Kf5 32. b4 Kg4 33. c5 f3 34. gxf3+ Rxf3 35. Rxf3 Kxf3 36. bxa5 bxa5 37. Kd4 Kg2 38. Kd5 Kxh2 39. Kc6 Kg3 40. Kxc7 Ne7 41. Kd6 Nc8+ 42. Kc7 Ne7 43. Kd6 1/2-1/2

[Event "Budapest FS04 IM"]
[Site "Budapest"]
[Date "2024.04.06"]
[Round "1"]
[White "Palczert, Matyas"]
[Black "Juhasz, Barbara"]
[Result "1-0"]
[WhiteElo "2333"]
[BlackElo "2236"]
[PlyCount "105"]
[EventDate "2024.04.06"]
[EventType "tourn"]
[EventRounds "9"]
[EventCountry "HUN"]
[EventCategory "2"]
[SourceTitle "CB16_2024"]
[SourceDate "2024.04.17"]
[SourceVersion "1"]
[SourceVersionDate "2024.04.17"]
[SourceQuality "1"]

1. e4 c5 2. Nf3 a6 3. c3 d5 4. exd5 Qxd5 5. d4 Nf6 6. Be2 e6 7. 0-0 Nc6 8. h3 Be7 9. Be3 cxd4 10. Nxd4 Bd7 11. Bf3 Qa5 12. Nxc6 Bxc6 13. Bxc6+ bxc6 14. Qf3 Qd5 15. Nd2 Qxf3 16. Nxf3 Nd5 17. Bd4 f6 18. c4 Nf4 19. g3 Ne2+ 20. Kg2 e5 21. Be3 Rb8 22. Rab1 c5 23. Nd2 0-0 24. Rfe1 Nd4 25. b3 Rfd8 26. Ne4 f5 27. Nc3 Bf6 28. Red1 Kf7 29. Rd2 h5 30. h4 Rd7 31. Rbd1 Bd8 32. Na4 Rc8 33. f4 Ba5 34. Rd3 exf4 35. gxf4 Rd6 36. Bxd4 cxd4 37. Rxd4 Rg6+ 38. Kf3 Bb4 39. Rd5 Rf6 40. Rd7+ Kf8 41. Rb7 Ba5 42. b4 Bd8 43. Nc5 Kg8 44. Rd5 Rfc6 45. Rxf5 Bxh4 46. Rxh5 Bf6 47. Rd5 a5 48. a3 axb4 49. axb4 Bc3 50. Rdd7 Bxb4 51. Rxg7+ Kf8 52. Ne4 Ba3 53. Ng5 1-0

[Event "HUN-ch"]
[Site "Budapest"]
[Date "2023.12.16"]
[Round "5"]
[White "Csiki, Endre"]
[Black "Juhasz, Barbara"]
[Result "0-1"]
[WhiteElo "2341"]
[BlackElo "2218"]
[PlyCount "82"]
[EventDate "2023.12.12"]
[EventType "swiss"]
[EventRounds "9"]
[EventCountry "HUN"]
[SourceTitle "CB52_2023"]
[SourceDate "2023.12.27"]
[SourceVersion "1"]
[SourceVersionDate "2023.12.27"]
[SourceQuality "1"]

1. e4 e5 2. Nf3 Nf6 3. d4 Nxe4 4. Bd3 Nc6 5. Nxe5 Nxe5 6. dxe5 Nc5 7. Bc4 d6 8. Qf3 Ne6 9. exd6 Bxd6 10. Nc3 0-0 11. Be3 Qh4 12. Bd3 Nf4 13. Bf1 Bg4 14. Qxb7 Rab8 15. Qc6 Rfe8 16. Ne4 Ng6 17. g3 Qh5 18. Nxd6 cxd6 19. Bg2 Ne5 20. Qa4 Nf3+ 21. Kf1 Ne5 22. h3 Be2+ 23. Kg1 Nf3+ 24. Bxf3 Bxf3 25. Rh2 Re4 26. Qxa7 Rbe8 27. Qd7 d5 28. c3 Qg6 29. g4 R4e6 30. Qa4 Re4 31. Qd7 R4e6 32. Qa4 h5 33. Qf4 Rf6 34. Qg3 Qc2 35. Bd4 Qe2 36. Rf1 Rg6 37. g5 f6 38. Be3 Kh7 39. b4 Re4 40. b5 h4 41. Qc7 Rxe3 0-1

[Event "HUN-ch"]
[Site "Budapest"]
[Date "2023.12.15"]
[Round "4"]
[White "Juhasz, Barbara"]
[Black "Krstulovic, Alex"]
[Result "0-1"]
[WhiteElo "2218"]
[BlackElo "2429"]
[PlyCount "96"]
[EventDate "2023.12.12"]
[EventType "swiss"]
[EventRounds "9"]
[EventCountry "HUN"]
[SourceTitle "CB52_2023"]
[SourceDate "2023.12.27"]
[SourceVersion "1"]
[SourceVersionDate "2023.12.27"]
[SourceQuality "1"]

1. e4 c6 2. d4 d5 3. e5 c5 4. Nf3 cxd4 5. Nxd4 Nc6 6. Nxc6 bxc6 7. Bd3 e6 8. 0-0 Bc5 9. Qg4 Kf8 10. Nc3 Rb8 11. a3 f5 12. Qa4 Bd7 13. Ne2 Bb6 14. c4 c5 15. Qc2 d4 16. b4 Ne7 17. Bd2 Kf7 18. Rab1 Qc7 19. f4 Bc6 20. Nc1 Ba8 21. Nb3 Qc6 22. Rf2 Rhd8 23. Qd1 Kg8 24. b5 Qe8 25. a4 Rdc8 26. a5 Bd8 27. Be1 Ng6 28. Qh5 a6 29. b6 Qc6 30. Rbb2 Bh4 31. Qe2 Bxf2+ 32. Qxf2 Qa4 33. Bf1 Qa3 34. g3 Qa4 35. Nc1 Be4 36. Qe2 Rd8 37. Qd2 d3 38. Bf2 Qxc4 39. Nb3 Rbc8 40. b7 Bxb7 41. Nxc5 Ba8 42. Nb7 Qc6 43. Bg2 Qc1+ 44. Be1 Bxb7 45. Bxb7 Rc2 46. Rxc2 Qxe1+ 47. Qxe1 dxc2 48. Bf3 Rb8 0-1

[Event "HUN-ch"]
[Site "Budapest"]
[Date "2023.12.14"]
[Round "3"]
[White "Juhasz, Barbara"]
[Black "Havanecz, Bianka"]
[Result "1-0"]
[WhiteElo "2218"]
[BlackElo "2196"]
[PlyCount "133"]
[EventDate "2023.12.12"]
[EventType "swiss"]
[EventRounds "9"]
[EventCountry "HUN"]
[SourceTitle "CB52_2023"]
[SourceDate "2023.12.27"]
[SourceVersion "1"]
[SourceVersionDate "2023.12.27"]
[SourceQuality "1"]

1. e4 c6 2. d4 d5 3. e5 c5 4. dxc5 Nc6 5. f4 Nh6 6. Nf3 Bg4 7. Bd3 e6 8. Be3 Nf5 9. Bf2 Bxf3 10. Qxf3 Qa5+ 11. c3 Bxc5 12. Nd2 Bxf2+ 13. Qxf2 0-0 14. 0-0 Rfd8 15. Nf3 Qb6 16. Bxf5 exf5 17. Rad1 h6 18. Rd3 Qa6 19. Rfd1 Qxa2 20. Nd4 Nxd4 21. Rxd4 Rac8 22. g4 fxg4 23. f5 Rc4 24. f6 Re8 25. fxg7 Qa6 26. Rxd5 Qg6 27. Rf1 Rc7 28. Qf6 Qxg7 29. Rd8 Rc8 30. Rd7 Rxe5 31. Qxf7+ Qxf7 32. Rfxf7 Re2 33. Rg7+ Kh8 34. Rh7+ Kg8 35. Rdg7+ Kf8 36. Rxb7 Kg8 37. Rbg7+ Kf8 38. Rxa7 Kg8 39. Rag7+ Kf8 40. Rxg4 Rc6 41. Rb4 Kg8 42. Rd7 Rg6+ 43. Kf1 Re8 44. Rf4 Rge6 45. Rd2 Re1+ 46. Kf2 Kg7 47. c4 Rc1 48. b4 Ree1 49. Kg2 Kg6 50. Rdf2 Rb1 51. c5 Rec1 52. Rd4 Rc3 53. Rg4+ Kh7 54. Rf7+ Kh8 55. Rf3 Rc2+ 56. Rf2 Rc3 57. Rf3 Rc2+ 58. Kg3 Rbb2 59. h3 Rg2+ 60. Kh4 Rxg4+ 61. Kxg4 Rxb4+ 62. Rf4 Rb5 63. Rc4 Kg7 64. c6 Rb8 65. c7 Rc8 66. Kf5 Kf7 67. h4 1-0

[Event "AUT-chT (Women) 2324"]
[Site "Austria"]
[Date "2023.11.24"]
[Round "1.1"]
[White "Juhasz, Barbara"]
[Black "Klek, Hanna Marie"]
[Result "1-0"]
[WhiteElo "2215"]
[BlackElo "2282"]
[PlyCount "167"]
[EventDate "2023.11.24"]
[EventType "team-tourn"]
[EventRounds "9"]
[EventCountry "AUT"]
[SourceTitle "CB48_2023"]
[SourceDate "2023.11.29"]
[SourceVersion "1"]
[SourceVersionDate "2023.11.29"]
[SourceQuality "1"]
[WhiteTeam "Wulkaprodersdorf (W)"]
[BlackTeam "Schach ohne Grenzen (W)"]
[WhiteTeamCountry "AUT"]
[BlackTeamCountry "AUT"]

1. e4 e5 2. Nf3 Nc6 3. Bb5 a6 4. Ba4 Nf6 5. 0-0 Be7 6. d3 b5 7. Bb3 d6 8. a4 Bd7 9. c3 0-0 10. Nbd2 Na5 11. Ba2 c5 12. Re1 h6 13. h3 Re8 14. Bb1 Nc6 15. Nf1 Bf8 16. Ne3 g6 17. Nh2 h5 18. Nf3 Rb8 19. axb5 axb5 20. Nd5 Nxd5 21. exd5 Ne7 22. Ba2 Nf5 23. Ng5 Be7 24. Ne4 h4 25. Bd2 Ra8 26. Bb3 Rxa1 27. Qxa1 Qb6 28. Qa2 Rb8 29. Ra1 Bc8 30. Qa7 Qxa7 31. Rxa7 Bd8 32. Kf1 Kf8 33. g4 hxg3 34. fxg3 Bb6 35. Ra1 Ng7 36. g4 Ne8 37. Ke2 f6 38. Be3 Ke7 39. Kd2 Bd7 40. Bd1 Nc7 41. c4 b4 42. h4 Rh8 43. h5 Be8 44. Be2 gxh5 45. gxh5 Bf7 46. Rf1 Ne8 47. Nxf6 Nxf6 48. Bg5 Ke8 49. Bxf6 Rh7 50. Bd1 Kd7 51. Bg4+ Ke8 52. Rh1 Bd8 53. Bxd8 Kxd8 54. Ra1 Bxh5 55. Ra8+ Ke7 56. Ra7+ Kf6 57. Rxh7 Bxg4 58. Rh6+ Ke7 59. Ke3 Bf5 60. Rh8 Bg6 61. Rh3 Kf6 62. Rf3+ Bf5 63. Rf1 Kg5 64. Ra1 Kf6 65. Ra7 Bh3 66. Ra6 Ke7 67. Ke4 Bg4 68. Ra8 Kf6 69. Rf8+ Ke7 70. Rf2 Bh3 71. Rh2 Bg4 72. Rh4 Bc8 73. Rh8 Bg4 74. Rg8 Bh3 75. Kf3 Bf5 76. Ke3 Bh3 77. Kd2 Bf5 78. Kc2 Kf7 79. Ra8 Ke7 80. Rg8 Kf7 81. Rg3 Kf6 82. Kb3 Bd7 83. Rf3+ Kg6 84. Rf8 1-0

[Event "HUN-chT 2223"]
[Site "Hungary"]
[Date "2023.02.19"]
[Round "6.9"]
[White "Gaal, Zsoka"]
[Black "Juhasz, Barbara"]
[Result "1-0"]
[WhiteElo "2286"]
[BlackElo "2206"]
[PlyCount "95"]
[EventDate "2022.11.20"]
[EventType "team-tourn"]
[EventRounds "9"]
[EventCountry "HUN"]
[SourceTitle "CBM 213 Extra"]
[Source "ChessBase"]
[SourceDate "2023.05.31"]
[SourceVersion "1"]
[SourceVersionDate "2023.05.31"]
[SourceQuality "1"]
[WhiteTeam "Ajka Sentimento"]
[BlackTeam "Mako Duocor"]
[WhiteTeamCountry "HUN"]
[BlackTeamCountry "HUN"]

1. d4 Nf6 2. Nf3 g6 3. c4 Bg7 4. g3 0-0 5. Bg2 d6 6. Nc3 Nc6 7. d5 Na5 8. b3 c5 9. Bb2 a6 10. 0-0 b5 11. cxb5 Ne4 12. Qc2 Nxc3 13. Bxc3 Bf5 14. Qb2 Bxc3 15. Qxc3 Be4 16. Nd2 Bxg2 17. Kxg2 axb5 18. h4 Qd7 19. h5 b4 20. Qd3 Qf5 21. hxg6 fxg6 22. Qxf5 gxf5 23. Rh1 Nb7 24. Rh5 Rf7 25. Nc4 Na5 26. Nd2 Nb7 27. Rh4 Ra7 28. Nf3 Nd8 29. Ng5 Rg7 30. f4 Ra3 31. Rhh1 Nb7 32. Ne6 Rg6 33. Rh5 Rf6 34. Rg5+ Kh8 35. Rh1 h6 36. Nf8 Nd8 37. Nd7 Nf7 38. Nxf6 Nxg5 39. Rxh6+ Kg7 40. fxg5 exf6 41. Rxf6 Rxa2 42. Kf3 Rb2 43. Rxd6 Rxb3+ 44. Kf4 Rb1 45. Kxf5 Rf1+ 46. Ke6 Re1 47. Rb6 Rxe2+ 48. Kd6 1-0

[Event "AUT-chT (Women) 2223"]
[Site "Austria"]
[Date "2022.10.22"]
[Round "3.1"]
[White "Rozman, Monika"]
[Black "Juhasz, Barbara"]
[Result "0-1"]
[WhiteElo "2113"]
[BlackElo "2230"]
[PlyCount "98"]
[EventDate "2022.10.21"]
[EventType "team-tourn"]
[EventRounds "9"]
[EventCountry "AUT"]
[SourceTitle "EXT 2024"]
[Source "ChessBase"]
[SourceDate "2023.10.10"]
[SourceVersion "1"]
[SourceVersionDate "2023.10.10"]
[SourceQuality "1"]
[WhiteTeam "Feffernitz (W)"]
[BlackTeam "Wulkaprodersdorf (W)"]
[WhiteTeamCountry "AUT"]
[BlackTeamCountry "AUT"]

1. e4 c5 2. d3 Nc6 3. g3 g6 4. Bg2 Bg7 5. f4 d6 6. Nf3 e6 7. 0-0 Nge7 8. c3 0-0 9. Na3 Rb8 10. Nc2 e5 11. Ne3 h6 12. f5 gxf5 13. Nh4 f4 14. gxf4 exf4 15. Rxf4 Ng6 16. Nxg6 fxg6 17. Ng4 Kh7 18. Rxf8 Qxf8 19. Be3 Be6 20. h3 Qh8 21. a3 Re8 22. Qe2 Qg8 23. Kh1 Qf7 24. Rg1 Qd7 25. Bf3 Rf8 26. Qg2 Qf7 27. Be2 Bxg4 28. Qxg4 Ne5 29. Qg2 b6 30. a4 g5 31. d4 Ng6 32. Bg4 Nh4 33. Qc2 Kh8 34. Re1 Qc4 35. Be2 Qe6 36. Bg4 Qg6 37. Bf2 h5 38. Bd1 Nf3 39. Rf1 Qe6 40. Kg2 g4 41. Rh1 h4 42. Bxf3 gxf3+ 43. Kf1 Qc4+ 44. Ke1 cxd4 45. Kd2 Bh6+ 46. Kd1 d3 47. Qb1 Qb3+ 48. Ke1 d2+ 49. Kf1 d1Q+ 0-1

[Event "EU-Cup 37th"]
[Site "Mayrhofen"]
[Date "2022.10.09"]
[Round "7.6"]
[White "Friedrich, Norbert"]
[Black "Juhasz, Barbara"]
[Result "1-0"]
[WhiteElo "2243"]
[BlackElo "2230"]
[PlyCount "67"]
[EventDate "2022.10.03"]
[EventType "team-swiss"]
[EventRounds "7"]
[EventCountry "AUT"]
[SourceTitle "CBM 210 Extra"]
[Source "ChessBase"]
[SourceDate "2022.11.30"]
[SourceVersion "1"]
[SourceVersionDate "2022.11.30"]
[SourceQuality "1"]
[WhiteTeam "Zuerich SG"]
[BlackTeam "Eupen Rochade"]
[WhiteTeamCountry "SUI"]
[BlackTeamCountry "BEL"]

1. e4 c5 2. Nf3 e6 3. c3 d5 4. exd5 Qxd5 5. d4 Nf6 6. Na3 Nc6 7. Be3 cxd4 8. Nb5 Qd8 9. Nbxd4 Nd5 10. Nxc6 bxc6 11. Bd2 Be7 12. c4 Nb6 13. Qc2 c5 14. Rd1 Qc7 15. Bc3 Bf6 16. Bxf6 gxf6 17. Bd3 Bb7 18. Be4 Rg8 19. 0-0 Ke7 20. Rfe1 h5 21. Bxb7 Qxb7 22. Rxe6+ Kxe6 23. Qe2+ Kf5 24. Nh4+ Kg5 25. Qe3+ Kxh4 26. Qf4+ Rg4 27. Qxf6+ Rg5 28. Qf4+ Rg4 29. Qf6+ Rg5 30. f3 Rag8 31. Qf4+ Rg4 32. fxg4 Qb8 33. Qf6+ Rg5 34. Qf2+ 1-0

[Event "Skalica op-A"]
[Site "Skalica"]
[Date "2022.08.20"]
[Round "1"]
[White "Juhasz, Barbara"]
[Black "Bednar, Jan"]
[Result "1-0"]
[WhiteElo "2221"]
[BlackElo "1962"]
[PlyCount "113"]
[EventDate "2022.08.20"]
[EventType "swiss"]
[EventRounds "9"]
[EventCountry "SVK"]
[SourceTitle "CBM 209 Extra"]
[Source "ChessBase"]
[SourceDate "2022.09.30"]
[SourceVersion "1"]
[SourceVersionDate "2022.09.30"]
[SourceQuality "1"]

1. e4 e5 2. Nf3 Nc6 3. Bb5 a6 4. Ba4 Nf6 5. 0-0 Be7 6. Bxc6 dxc6 7. d3 Nd7 8. Nbd2 0-0 9. Nc4 f6 10. Nh4 Nc5 11. Nf5 Re8 12. Qg4 Bxf5 13. exf5 Bf8 14. Be3 Qd5 15. Nd2 Kh8 16. a4 a5 17. b3 Na6 18. Ne4 Nb4 19. Rfc1 b6 20. Bd2 Na6 21. Be3 Nb4 22. Qf3 c5 23. g4 Be7 24. h4 Rf8 25. g5 Qf7 26. Ng3 g6 27. gxf6 Bxf6 28. fxg6 hxg6 29. Qe4 Nd5 30. Kh2 Nf4 31. Rh1 Kg7 32. Rae1 Rh8 33. Kg1 Raf8 34. Bxf4 exf4 35. Qxf4 Bxh4 36. Qxf7+ Rxf7 37. Ne4 Be7 38. Kg2 Rxh1 39. Rxh1 Rf5 40. Re1 Rf7 41. Re2 Bf6 42. Re1 Rd7 43. f4 Be7 44. Kf3 c6 45. Rg1 Kf7 46. Rh1 Kg7 47. Ra1 Bf6 48. Rg1 Bd4 49. Rg2 Kf7 50. Rh2 Kg7 51. Ng5 Kf6 52. Rh8 b5 53. Ra8 c4 54. dxc4 bxc4 55. bxc4 Ra7 56. Rc8 Ra6 57. Rc7 1-0

[Event "HUN-ch Rapid"]
[Site "Ajka"]
[Date "2022.07.15"]
[Round "4"]
[White "Juhasz, Barbara"]
[Black "Czebe, Attila"]
[Result "0-1"]
[WhiteElo "2221"]
[BlackElo "2385"]
[PlyCount "116"]
[EventDate "2022.07.15"]
[EventType "swiss (rapid)"]
[EventRounds "13"]
[EventCountry "HUN"]
[SourceTitle "CBM 209 Extra"]
[Source "ChessBase"]
[SourceDate "2022.09.30"]
[SourceVersion "1"]
[SourceVersionDate "2022.09.30"]
[SourceQuality "1"]

1. e4 d6 2. d4 g6 3. Nf3 Nf6 4. Nc3 Bg7 5. Be2 0-0 6. Bg5 Bg4 7. Qd2 c6 8. 0-0 d5 9. exd5 cxd5 10. Ne5 Bxe2 11. Qxe2 Nc6 12. Rad1 Re8 13. Nxc6 bxc6 14. Qa6 Qb6 15. Qa3 a5 16. Bf4 Qb4 17. Rfe1 Nd7 18. Nb1 e5 19. Bxe5 Nxe5 20. dxe5 Bxe5 21. c3 Qxa3 22. Nxa3 Rab8 23. Nb1 Re6 24. b3 h5 25. g3 Bf6 26. Rxe6 fxe6 27. f4 Kf7 28. Kg2 c5 29. Kf3 a4 30. bxa4 Ra8 31. c4 d4 32. Rd3 Rxa4 33. Na3 Bd8 34. Rb3 Ba5 35. Rb7+ Kf8 36. Nb5 Rxc4 37. Rb8+ Ke7 38. Rb7+ Kd8 39. Ra7 Bb6 40. Ra6 Bc7 41. Ra8+ Kd7 42. Ra7 Kc6 43. Nxc7 Rc3+ 44. Ke2 Kb6 45. Ra6+ Kxc7 46. Rxe6 c4 47. Rxg6 Rc2+ 48. Kd1 Rxh2 49. Ra6 c3 50. Ra4 Rd2+ 51. Kc1 Kd6 52. f5 Ke5 53. Ra5+ Ke4 54. f6 Rf2 55. Rxh5 d3 56. Rh1 Rxa2 57. Kb1 Rb2+ 58. Ka1 Rf2 0-1

[Event "Budapest FS04 IM"]
[Site "Budapest"]
[Date "2022.04.12"]
[Round "9"]
[White "Juhasz, Barbara"]
[Black "Bogdanov, Egor"]
[Result "1/2-1/2"]
[WhiteElo "2207"]
[BlackElo "2426"]
[PlyCount "61"]
[EventDate "2022.04.02"]
[EventType "tourn"]
[EventRounds "9"]
[EventCountry "HUN"]
[EventCategory "1"]
[SourceTitle "CBM 207 Extra"]
[Source "ChessBase"]
[SourceDate "2022.05.31"]
[SourceVersion "1"]
[SourceVersionDate "2022.05.31"]
[SourceQuality "1"]

1. e4 g6 2. d4 Bg7 3. Nf3 d6 4. Bc4 Nf6 5. Qe2 0-0 6. e5 Ne8 7. 0-0 Nc6 8. h3 dxe5 9. dxe5 Nd4 10. Nxd4 Qxd4 11. Re1 c6 12. c3 Qd8 13. Rd1 Qc7 14. Bf4 Be6 15. Bxe6 fxe6 16. Bg3 Rf5 17. Qc4 Qc8 18. Re1 Bh6 19. Na3 Ng7 20. Nc2 c5 21. Rad1 Qc6 22. a4 Raf8 23. Ne3 Bxe3 24. Rxe3 Nh5 25. Rd2 Nxg3 26. fxg3 h5 27. Re1 Kg7 28. Qb5 Qxb5 29. axb5 Kh6 30. c4 b6 31. b3 1/2-1/2

[Event "Budapest FS04 IM"]
[Site "Budapest"]
[Date "2022.04.05"]
[Round "4"]
[White "Juhasz, Barbara"]
[Black "Papp, Gellert"]
[Result "1/2-1/2"]
[WhiteElo "2207"]
[BlackElo "2272"]
[PlyCount "128"]
[EventDate "2022.04.02"]
[EventType "tourn"]
[EventRounds "9"]
[EventCountry "HUN"]
[EventCategory "1"]
[SourceTitle "CBM 207 Extra"]
[Source "ChessBase"]
[SourceDate "2022.05.31"]
[SourceVersion "1"]
[SourceVersionDate "2022.05.31"]
[SourceQuality "1"]

1. e4 Nf6 2. e5 Nd5 3. d4 d6 4. c4 Nb6 5. exd6 cxd6 6. Nc3 g6 7. Be3 Bg7 8. Rc1 0-0 9. b3 Bf5 10. Nf3 d5 11. c5 Nc8 12. h3 Nc6 13. Be2 Be4 14. Nxe4 dxe4 15. Ng5 Nxd4 16. 0-0 a6 17. Bc4 Na7 18. Qg4 Nac6 19. Qxe4 e6 20. Rcd1 Qe7 21. Nf3 Nf5 22. g4 Nxe3 23. Qxe3 Rfd8 24. Kg2 Rac8 25. a3 a5 26. Be2 e5 27. Bc4 h6 28. Bd5 Kh7 29. Qe4 Rd7 30. Bxc6 Rxc6 31. b4 axb4 32. axb4 Rcc7 33. Rfe1 Qe6 34. g5 Qb3 35. Rxd7 Rxd7 36. gxh6 Bf6 37. Re3 Qd5 38. Qg4 Kxh6 39. h4 Re7 40. Qe4 Qxe4 41. Rxe4 Bg7 42. b5 f5 43. Rc4 e4 44. Ng5 Be5 45. c6 bxc6 46. bxc6 Bf4 47. Kh3 Kh5 48. Rc5 e3 49. fxe3 Rxe3+ 50. Kg2 Kxh4 51. Nf3+ Kg4 52. Rc4 Re2+ 53. Kf1 Re4 54. Rxe4 fxe4 55. Nd4 g5 56. Ke2 Kh4 57. Ne6 Bd6 58. c7 Bxc7 59. Nxc7 Kg3 60. Ne6 g4 61. Ke3 Kh2 62. Kxe4 g3 63. Nf4 g2 64. Nxg2 Kxg2 1/2-1/2

[Event "Budapest FS04 IM"]
[Site "Budapest"]
[Date "2022.04.04"]
[Round "3"]
[White "Otawa, Yuto"]
[Black "Juhasz, Barbara"]
[Result "1-0"]
[WhiteElo "2106"]
[BlackElo "2207"]
[PlyCount "107"]
[EventDate "2022.04.02"]
[EventType "tourn"]
[EventRounds "9"]
[EventCountry "HUN"]
[EventCategory "1"]
[SourceTitle "CBM 207 Extra"]
[Source "ChessBase"]
[SourceDate "2022.05.31"]
[SourceVersion "1"]
[SourceVersionDate "2022.05.31"]
[SourceQuality "1"]

1. d4 Nf6 2. c4 g6 3. Nc3 Bg7 4. e4 d6 5. f3 0-0 6. Be3 c5 7. Nge2 Nc6 8. d5 Ne5 9. Ng3 h5 10. Be2 h4 11. Nf1 e6 12. Bg5 exd5 13. Nxd5 Be6 14. Bxh4 Bxd5 15. cxd5 Qb6 16. Qd2 c4 17. Bf2 Qa6 18. Ng3 Rac8 19. 0-0 Nfd7 20. Bd4 Rfe8 21. Qc3 Bh6 22. f4 Nd3 23. Bg4 Rc7 24. f5 N7e5 25. fxg6 fxg6 26. Be6+ Kh7 27. h4 Rce7 28. h5 Rxe6 29. dxe6 Rxe6 30. Qc2 Qc6 31. Qe2 Nf4 32. Rxf4 Bxf4 33. hxg6+ Rxg6 34. Nf5 Rg5 35. Rf1 Ng6 36. Ne7 Nxe7 37. Rxf4 Qe8 38. Rh4+ Kg6 39. Qf2 Ng8 40. Rh8 Qf7 41. Be3 Qxf2+ 42. Kxf2 Rb5 43. Rxg8+ Kf7 44. Rc8 Rxb2+ 45. Kf3 b5 46. Rc7+ Ke6 47. Rxa7 b4 48. g4 c3 49. g5 b3 50. g6 bxa2 51. g7 Rb8 52. Rxa2 Kf7 53. Bd4 Rc8 54. Rc2 1-0

[Event "Budapest FS03 IM"]
[Site "Budapest"]
[Date "2022.03.11"]
[Round "6"]
[White "Juhasz, Barbara"]
[Black "Sahithi Varshini, M."]
[Result "1/2-1/2"]
[WhiteElo "2253"]
[BlackElo "2188"]
[PlyCount "158"]
[EventDate "2022.03.05"]
[EventType "tourn"]
[EventRounds "9"]
[EventCountry "HUN"]
[SourceTitle "CBM 207 Extra"]
[Source "ChessBase"]
[SourceDate "2022.05.31"]
[SourceVersion "1"]
[SourceVersionDate "2022.05.31"]
[SourceQuality "1"]

1. e4 c5 2. Nf3 d6 3. Bb5+ Nc6 4. 0-0 Bd7 5. Re1 Nf6 6. c3 a6 7. Bf1 Bg4 8. d4 cxd4 9. cxd4 d5 10. e5 Ng8 11. Nc3 e6 12. Be3 Nge7 13. h3 Bxf3 14. Qxf3 Nf5 15. Red1 Be7 16. Bd3 Nxe3 17. fxe3 Bg5 18. Rf1 0-0 19. Kh1 Bh6 20. Rae1 Rc8 21. Qe2 Qh4 22. Rf3 Na5 23. Ref1 Nc4 24. Nd1 b5 25. Nf2 f5 26. exf6 gxf6 27. b3 Nd6 28. e4 Qg5 29. exd5 e5 30. dxe5 Qxe5 31. Qd1 f5 32. Re1 Qg7 33. Bc2 Kh8 34. Rg1 Rf6 35. g3 Qf7 36. Kh2 Rc5 37. Qe2 Rxd5 38. Rd1 Rxd1 39. Qxd1 f4 40. g4 Bg5 41. Qd4 Kg8 42. Be4 Kf8 43. Qc5 h6 44. a4 Qe7 45. axb5 axb5 46. Bd5 Bh4 47. Qd4 Bg5 48. Kg2 h5 49. b4 hxg4 50. hxg4 Rh6 51. Ra3 Bh4 52. Ra8+ Ne8 53. Ne4 Bf6 54. Qc5 Qxc5 55. bxc5 Be5 56. g5 Rg6 57. Kf3 Ke7 58. Bb3 Nc7 59. Ra7 Ra6 60. Rxa6 Nxa6 61. Kg4 Bc7 62. Kf5 f3 63. g6 Kf8 64. Bd1 f2 65. Be2 Nb4 66. Nxf2 Nc6 67. Bd3 Kg7 68. Ng4 Ne7+ 69. Kg5 b4 70. Nf6 Bf4+ 71. Kxf4 Kxf6 72. Ke3 Ke5 73. g7 Kf6 74. Kd4 Kxg7 75. Kc4 Nc6 76. Be4 Ne5+ 77. Kxb4 Nd7 78. c6 Nb8 79. Kc5 Nxc6 1/2-1/2

[Event "Budapest FS03 IM"]
[Site "Budapest"]
[Date "2022.03.07"]
[Round "3"]
[White "Juhasz, Barbara"]
[Black "To, Nhat Minh"]
[Result "0-1"]
[WhiteElo "2253"]
[BlackElo "2326"]
[PlyCount "164"]
[EventDate "2022.03.05"]
[EventType "tourn"]
[EventRounds "9"]
[EventCountry "HUN"]
[SourceTitle "CBM 207 Extra"]
[Source "ChessBase"]
[SourceDate "2022.05.31"]
[SourceVersion "1"]
[SourceVersionDate "2022.05.31"]
[SourceQuality "1"]

1. e4 e5 2. Nf3 Nc6 3. Bb5 a6 4. Ba4 Nge7 5. Bb3 Ng6 6. h4 Be7 7. h5 Nh4 8. Nxh4 Bxh4 9. d3 Nd4 10. Qg4 Bf6 11. Qg3 c6 12. Nd2 d5 13. Nf3 Nxf3+ 14. gxf3 Be6 15. Bd2 Qc7 16. Rg1 g5 17. h6 Rg8 18. f4 exf4 19. Bxf4 Qd7 20. Be5 Be7 21. 0-0-0 f6 22. Bc3 0-0-0 23. f4 Bd6 24. e5 Bc7 25. Qf2 Kb8 26. Kb1 fxe5 27. fxe5 Rg6 28. d4 Rdg8 29. Rdf1 Bd8 30. Bd2 Rxh6 31. c3 Rh3 32. Bc2 g4 33. Bf4 Ka7 34. Bg3 h5 35. Rh1 h4 36. Rxh3 gxh3 37. Bxh4 Rg2 38. Qe1 Rxc2 39. Bxd8 Bf5 40. Ka1 Qxd8 41. Rxf5 Qh4 42. Qh1 Qg4 43. Rf1 Qg2 44. Rg1 Qxh1 45. Rxh1 h2 46. a4 Kb6 47. a5+ Kxa5 48. e6 Re2 49. Ka2 Kb5 50. e7 Rxe7 51. Rxh2 Kc4 52. Rh8 a5 53. Ra8 b6 54. Ra6 Kb5 55. Ra8 Re2 56. Rh8 Kc4 57. Rh6 Kb5 58. Rd6 Rf2 59. Ka3 Rf5 60. b3 Rf2 61. Rh6 Rc2 62. Rh3 c5 63. dxc5 Kxc5 64. b4+ Kc4 65. bxa5 bxa5 66. Rh8 Kxc3 67. Rc8+ Kd3 68. Rd8 d4 69. Rd5 Rc6 70. Kb2 a4 71. Ra5 Kd2 72. Rxa4 Rb6+ 73. Ka2 d3 74. Rh4 Kc3 75. Rh8 d2 76. Rc8+ Kd3 77. Rd8+ Kc2 78. Rc8+ Kd1 79. Rd8 Rb5 80. Ka3 Kc2 81. Ka4 Rc5 82. Kb4 Rc7 0-1